Pokémon - Tous les Pokémons Combat - Statistiques

Statistiques générales
  • Ce quiz a été pris 30 fois
  • Le résultat moyen est 60 sur 91
Statistiques - réponses
Génération Pokemon… Numero Type de quiz Réponse % Correct
1ère Colosse 0066 Combat Machoc
100%
1ère Colosse 0067 Combat Machopeur
100%
1ère Colosse 0068 Combat Mackogneur
100%
1ère Porsinge 0057 Combat Colossinge
93%
2ème Bagarreur 0236 Combat Débugant
93%
1ère Porsinge 0056 Combat Férosinge
93%
1ère Latteur 0106 Combat Kicklee
93%
1ère Puncheur 0107 Combat Tygnon
93%
2ème Poirier 0237 Combat Kapoera
89%
3ème 0257 Combat, Feu Brasegali
82%
3ème 0308 Combat, Psy Charmina
82%
3ème 0256 Combat, Feu Galifeu
82%
1ère Têtard 0062 Combat, Eau Tartard
82%
1ère Buffle 0128 Paldea : Combat, Feu Tauros de Paldea
82%
1ère Buffle 0128 Paldea : Combat, Eau Tauros de Paldea
82%
1ère Buffle 0128 Paldea : Combat Tauros de Paldea
82%
5ème 0538 Combat Judokrak
79%
3ème 0307 Combat, Psy Medditika
79%
2ème Unicorne 0214 Méga : Combat, Insecte Méga-Scarhino
79%
2ème Unicorne 0214 Combat, Insecte Scarhino
79%
4ème 0391 Combat, Feu Chimpenfeu
75%
3ème 0296 Combat Makuhita
75%
3ème 0257 Méga : Combat, Feu Méga-Brasegali
75%
1ère Génétique 0150 Légendaire, Méga : Combat, Psy Méga-Mewtwo X
75%
4éme 0392 Combat, Feu Simiabraz
75%
1ère Canard Fou 083 Galar : Combat Canarticho de Galar
71%
3ème 0286 Combat, Plante Chapignon
71%
4ème 0453 Combat, Poison Cradopaud
71%
1ère Fort-Pied 0145 Légendaire, Galar : Combat, Électrique Électhor de Galar
71%
3ème 0297 Combat Hariyama
71%
4ème 0448 Combat, Acier Lucario
71%
3ème 0308 Méga : Combat, Psy Méga-Charmina
71%
4ème 0447 Combat Riolu
71%
5ème 0639 Combat, Roche Terrakium
71%
4ème 0454 Combat, Poison Coatox
68%
5ème 0638 Combat, Acier Cobaltium
68%
5ème 0499 Combat, Feu Grotichon
68%
5ème 0647 Combat, Eau Keldeo
68%
4ème 0328 Méga : Combat, Normal Méga-Lockpin
68%
4ème 0448 Méga : Combat, Acier Méga-Lucario
68%
6ème 0675 Combat, Ténèbres Pandarbare
68%
5ème 0500 Combat, Feu Roitiflam
68%
5ème 0640 Combat, Plante Viridium
68%
7ème 0760 Combat, Normal Chelours
64%
9ème 0979 Combat, Spectre Courrousinge
64%
2ème Grifacerée 0215 Hisui : Combat, Poison Farfuret d’Hisui
64%
5ème 0549 Hisui : Combat, Plante Fragilady d’Hisui
64%
4ème 0475 Combat, Psy Gallame
64%
4ème 0475 Méga : Combat, Psy Méga-Gallame
64%
7ème 0759 Combat, Normal Nounourson
64%
8ème 0865 Combat Palarticho
64%
6ème 0674 Combat Pandespiègle
64%
7ème 0724 Hisui : Combat, Plante Archéduc d’Hisui
61%
5ème 0534 Combat Bétochef
61%
6ème 0701 Combat, Vol Brutalibré
61%
5ème 0532 Combat Charpenti
61%
7ème 0739 Combat Crabagarre
61%
7ème 0740 Combat, Glace Crabominable
61%
7ème 0783 Combat, Dragon Écaïd
61%
7ème 0784 Combat, Dragon Ékaïser
61%
5ème 0620 Combat Shaofouine
61%
5ème 0560 Combat, Ténèbres Baggaïd
57%
5ème 0559 Combat, Ténèbres Baggiguane
57%
6ème 0652 Combat, Plante Blindepique
57%
8ème 0903 Combat, Poison Farfurex
57%
5ème 0619 Combat Kungfouine
57%
5ème 0648 Forme Danse : Combat, Normal Meloetta Forme Danse
57%
9ème 0992 Combat, Électrique Paume-de-Fer
57%
5ème 0539 Combat Karaclée
54%
9ème 1007 Combat, Dragon Koraidon
54%
7ème 0802 Combat, Spectre Marshadow
54%
5ème 0533 Combat Ouvrifier
54%
9ème 0923 Combat, Électrique Pohmarmotte
54%
9ème 0922 Combat, Électrique Pohmotte
54%
8ème 0853 Combat Krakos
50%
7ème 0794 Combat, Insecte Mouscoto
50%
9ème 0914 Combat, Eau Palmaval
50%
8ème 0852 Combat Poulpaf
50%
8ème 0892 Combat, Eau Shifours Mille Points
50%
8ème 0892 Combat, Ténèbres Shifours Poing Final
50%
8ème 0891 Combat Wushours
50%
9ème 0973 Combat, Vol Flamenroule
46%
9ème 0984 Combat, Sol Fort-Ivoire
46%
9ème 1006 Combat, Fée Garde-de-Fer
46%
7ème 0766 Combat Quartermac
46%
8ème 0889 Combat, Acier Zamazenta
46%
8ème 0889 Combat Zamazenta Héros Aguerri
46%
7ème 0795 Combat, Insecte Cancrelove
43%
9ème 0988 Combat, Insecte Rampe-Ailes
43%
9ème 1014 Combat, Poison Félicanis
39%
8ème 0870 Combat Hexadron
39%
Aucun quiz correspondant
Distribution des résultats
% des personnes avec chaque résultat
Percentile par nombre de réponses
Votre historique - résultats
Vous n’avez pas pris ce quiz